Vývoj investícií v ekonomike SR diplomová práca

Gespeichert in:
Bibliographische Detailangaben
1. Verfasser: Šlahor, Milan
Körperschaft: Národohospodárska fakulta EU. Katedra hospodárskej politiky
Weitere Verfasser: Vorlíčková, Jana
Format: Buch
Sprache:Slowakisch
Veröffentlicht: Bratislava 2010
Tags: Tag hinzufügen
Keine Tags, Fügen Sie das erste Tag hinzu!

MARC

LEADER 00000nam a2200000 4500
001 0120135
005 20240318123904.2
041 0 |a slo 
044 |a SK 
245 1 0 |a Vývoj investícií v ekonomike SR  |b diplomová práca  |c Milan Šlahor ; škol. Jana Vorlíčková 
264 1 |a Bratislava  |c 2010 
300 |a 67 s. 
100 1 |a Šlahor, Milan 
700 1 |a Vorlíčková, Jana 
710 2 |a Národohospodárska fakulta EU. Katedra hospodárskej politiky